000
00292nam a22001337a 4500
008
181029b xxu||||| |||| 00| 0 eng d
020
_a
9780024103918
041
_a
eng
080
_2
8th
_a
612.39
100
_a
10
101
_a
NUT
245
_a
Food for Fifty
_c
Shugart,G
942
_2
udc
_c
BK
999
_c
51028
_d
51028